000 00645nam a2200241Ia 4500
003 OSt
005 20220928114537.0
006 a|||||r|||| 00| 0
007 ta
008 220927b |||||||| |||| 00| 0 eng d
024 _a69908
037 _cTextual
040 _aSDCL
_cSDCL
_beng
041 _2eng
_aeng
082 _aO-:gP, P6
100 _aHart Kevin
_9439649
245 0 _aPostmodernism
_bA beginner's guide
260 _aOxford
_bOne World Publications
_c2006
300 _ax,179p
_ccm.
650 _aEnglish Literature-Criticism
_9401909
942 _hO-:gP, P6
_cTEXL
_2CC
999 _c755339
_d755339